| 000 | 00646nam a2200205 a 4500 | ||
|---|---|---|---|
| 001 | 000012713 | ||
| 005 | 20250522115618.0 | ||
| 008 | 091116s1981 dr 000 0 spa d | ||
| 040 |
_aDO-SdBNP _bspa _cBNPHU |
||
| 082 |
_aRD863.44 _bP375p |
||
| 100 | 1 |
_aPérez, Mario Emilio, _d1935- _922183 |
|
| 245 | 1 | 0 |
_aPersonajes migueletes / _cMario Emilio Pérez ; prólogo Juan José Ayuso. |
| 260 |
_aSanto Domingo, : _bTaller, _c1981. |
||
| 300 |
_a142 p. ; _c20 p. |
||
| 490 | 1 |
_aBiblioteca Taller _vv. 119 |
|
| 650 | 0 |
_aCuentos dominicanos _9176 |
|
| 650 | 0 |
_aLiteratura dominicana. _967 |
|
| 830 | 0 |
_aBiblioteca Taller _vNo. 119 _9164 |
|
| 049 | _aBNPD | ||
| 999 |
_c12364 _d12364 |
||